000 00463nam a2200157Ia 4500
008 240729s9999 xx 000 0 und d
022 _a2345-5861
245 0 _aCategories and General Algebraic Structures with Applications
260 _aIran, Islamic Republic of
260 _bShahid Beheshti University
650 _a Mathematics
650 _aScience
856 _uhttps://doaj.org/toc/630814f3903246ed94d6282a3e58929c
942 _2ddc
942 _cDOAJEJ
999 _c66909
_d66909
945 _a1
_bMadushi Gamage
_c1
_dMadushi Gamage